[Event "AUTO-ELITE-1197"]
[Site "http://www.queenalice.com/game.php?id=1211912"]
[Date "2013.8.27"]
[Round "1"]
[White "boydelta"]
[Black "smothered_mate"]
[Result "1-0"]
[WhiteElo "2216"]
[BlackElo "2250"]

1. d4 d5 2. Nf3 Nf6 3. g3 e6 4. Bg2 c5 5. c3 Nc6 6. O-O Be7 7. Bf4 Qb6 8. Qb3
Qxb3 9. axb3 cxd4 10. Nxd4 Nxd4 11. cxd4 Bd7 12. Nc3 O-O 13. Rfc1 Rfc8 14. f3
Bc6 15. e4 a6 16. e5 Nd7 17. Bf1 f6 18. Bh3 Kf7 19. exf6 1-0

[Event "AUTO-ELITE-1197"]
[Site "http://www.queenalice.com/game.php?id=1211913"]
[Date "2013.8.27"]
[Round "1"]
[White "smothered_mate"]
[Black "boydelta"]
[Result "0-1"]
[WhiteElo "2250"]
[BlackElo "2216"]

1. e4 c5 2. c4 Nc6 3. d3 g6 4. Nf3 Bg7 5. Nc3 d6 6. Be2 Nf6 7. O-O O-O 8. Re1
Ng4 9. Bg5 Bd7 10. Qd2 Qa5 11. Nd5 Qxd2 12. Nxd2 f6 13. Bf4 Nge5 14. Nb3 Rfc8
15. Bg3 e6 16. Nc3 Nf7 17. Rac1 Nd4 18. Nxd4 cxd4 19. Nb1 e5 0-1

[Event "AUTO-ELITE-1198"]
[Site "http://www.queenalice.com/game.php?id=1212807"]
[Date "2013.8.29"]
[Round "1"]
[White "smothered_mate"]
[Black "Chandra"]
[Result "0-1"]
[WhiteElo "2410"]
[BlackElo "2610"]

1. d4 Nf6 2. c4 e6 3. Nc3 Bb4 4. Qc2 O-O 5. Nf3 c5 6. a3 Bxc3+ 7. Qxc3 cxd4 8.
Qxd4 Nc6 9. Qd3 d5 10. cxd5 exd5 11. Bg5 h6 12. Bh4 Re8 13. e3 Bg4 14. Nd4 g5
15. Bg3 Qb6 0-1

[Event "AUTO-ELITE-1198"]
[Site "http://www.queenalice.com/game.php?id=1212808"]
[Date "2013.8.29"]
[Round "1"]
[White "Chandra"]
[Black "smothered_mate"]
[Result "1-0"]
[WhiteElo "2614"]
[BlackElo "2392"]

1. e4 e5 2. Nf3 Nc6 3. Bb5 a6 4. Bxc6 dxc6 5. O-O Bg4 6. h3 h5 7. d3 Qf6 8. Nbd2
g5 9. b3 Qg7 10. Nc4 f6 11. hxg4 hxg4 12. Nxg5 Qh6 13. Nh3 Qh4 14. Ne3 Nh6 15.
Kh2 gxh3 16. g3 Qg5 17. Nd5 Qg7 18. Bxh6 Rxh6 19. Ne3 Rh7 20. Qg4 Qf7 21. Rad1
Rg7 22. Qf3 1-0

[Event "AUTO-ELITE-1198"]
[Site "http://www.queenalice.com/game.php?id=1212809"]
[Date "2013.8.29"]
[Round "1"]
[White "smothered_mate"]
[Black "makibaque"]
[Result "0-1"]
[WhiteElo "2252"]
[BlackElo "2422"]

1. d4 Nf6 2. c4 e6 3. Nc3 d5 4. Nf3 c6 5. e3 Nbd7 6. Be2 Bd6 7. O-O O-O 8. b3 b6
9. Bb2 Bb7 10. Qc2 Qe7 11. cxd5 cxd5 12. Nb5 Rfc8 13. Qd1 Bb4 14. a3 a6 15. axb4
axb5 16. Rxa8 Rxa8 17. Qe1 Ra2 18. Qb1 Ra7 19. Bc3 Ne4 20. Qc2 Bc6 21. Rc1 Nf8
22. Be1 Be8 23. Ne5 Qb7 24. Qd1 Nd6 25. Nd3 f6 0-1

[Event "AUTO-ELITE-1198"]
[Site "http://www.queenalice.com/game.php?id=1212810"]
[Date "2013.8.29"]
[Round "1"]
[White "makibaque"]
[Black "smothered_mate"]
[Result "1-0"]
[WhiteElo "2417"]
[BlackElo "2259"]

1. e4 e5 2. Nf3 Nc6 3. Bb5 a6 4. Ba4 Nf6 5. O-O Be7 6. Re1 b5 7. Bb3 O-O 8. h3
d6 9. c3 Na5 10. Na3 Nxb3 11. axb3 c5 12. d3 Be6 13. Bg5 Qc7 14. c4 Qb7 15. Nb1
Bd7 16. Nbd2 h6 17. Bh4 Be6 18. Bxf6 Bxf6 19. Qe2 Be7 20. Ra2 Qc6 21. Rea1 Bd7
22. Nf1 Bd8 23. Ne3 Be6 24. Nh2 Ra7 25. Nhf1 a5 26. Ng3 g6 27. Ngf1 1-0

[Event "Lucius1-2"]
[Site "http://www.queenalice.com/game.php?id=1213546"]
[Date "2013.9.1"]
[Round "2"]
[White "pickles"]
[Black "smothered_mate"]
[Result "1-0"]
[WhiteElo "2468"]
[BlackElo "2373"]

1. e4 e5 2. Nf3 Nc6 3. Bb5 a6 4. Bxc6 dxc6 5. O-O Bg4 6. h3 h5 7. d3 Qf6 8. Be3
Bxf3 9. Qxf3 Qxf3 10. gxf3 Bd6 11. Nd2 f5 12. Bg5 1-0

[Event "AUTO-ELITE-1199"]
[Site "http://www.queenalice.com/game.php?id=1213903"]
[Date "2013.9.3"]
[Round "1"]
[White "smothered_mate"]
[Black "Fermats"]
[Result "0-1"]
[WhiteElo "2351"]
[BlackElo "2419"]

1. d4 d5 2. c4 e6 3. Nc3 Nf6 4. Bg5 Be7 5. e3 O-O 6. Nf3 h6 7. Bxf6 Bxf6 8. Qb3
c5 9. cxd5 cxd4 10. Nxd4 exd5 11. Qxd5 Qb6 12. O-O-O Nc6 13. Qb5 Nxd4 14. Qxb6
axb6 15. exd4 Rd8 16. Kc2 h5 17. d5 Bg4 18. f3 Bd7 19. Bc4 Rdc8 20. Bb3 h4 21.
Rhe1 g6 22. Re2 Kg7 23. Kd3 b5 24. Ne4 Be5 25. g4 Bf4 26. h3 b4 27. Kd4 Bb5 28.
Ree1 b6 0-1

[Event "AUTO-ELITE-1199"]
[Site "http://www.queenalice.com/game.php?id=1213904"]
[Date "2013.9.3"]
[Round "1"]
[White "Fermats"]
[Black "smothered_mate"]
[Result "1-0"]
[WhiteElo "2426"]
[BlackElo "2341"]

1. e4 c6 2. Nf3 d5 3. Nc3 dxe4 4. Nxe4 Nf6 5. Nxf6+ exf6 6. d4 Bd6 7. Bd3 O-O 8.
O-O Bg4 9. Re1 Re8 10. Rxe8+ Qxe8 11. Be3 Nd7 12. c3 Bh5 13. h3 Nf8 14. g4 Bg6
15. Qc2 Bxd3 16. Qxd3 Ng6 17. Re1 Qd7 18. Kg2 Re8 19. c4 b5 20. b3 b4 21. d5 a5
22. Rd1 c5 23. Re1 Qc7 24. a4 Bf4 25. Kf1 Bd6 26. Qf5 Ne7 27. Qe4 Qb8 28. Bd2
Qc7 29. Nh4 Rf8 30. Bf4 Nc8 31. Bxd6 Nxd6 32. Qe7 1-0

[Event "AUTO-ELITE-1199"]
[Site "http://www.queenalice.com/game.php?id=1213905"]
[Date "2013.9.3"]
[Round "1"]
[White "smothered_mate"]
[Black "FabioDavid"]
[Result "0-1"]
[WhiteElo "2364"]
[BlackElo "2323"]

1. d4 Nf6 2. Nf3 e6 3. c4 b6 4. g3 Bb7 5. Bg2 Be7 6. Nc3 O-O 7. e4 d5 8. exd5
exd5 9. Ne5 c5 10. dxc5 Bxc5 11. O-O Nbd7 12. Nxd7 Qxd7 13. cxd5 Rad8 14. Bg5
Qf5 15. Bxf6 Qxf6 16. Qa4 Qe7 17. Qxa7 Ra8 18. d6 Rxa7 19. dxe7 Bxe7 20. Rfd1
Bxg2 21. Kxg2 Bf6 22. Nd5 Bxb2 23. Rab1 Ba3 24. Rxb6 Rc8 25. Rd3 Bf8 26. Rb2
Rca8 0-1

[Event "AUTO-ELITE-1199"]
[Site "http://www.queenalice.com/game.php?id=1213906"]
[Date "2013.9.3"]
[Round "1"]
[White "FabioDavid"]
[Black "smothered_mate"]
[Result "1-0"]
[WhiteElo "2302"]
[BlackElo "2388"]

1. e4 e5 2. Nf3 Nc6 3. Bb5 a6 4. Bxc6 dxc6 5. O-O Bg4 6. h3 h5 7. d3 Qf6 8. Be3
Bxf3 9. Qxf3 Qxf3 10. gxf3 Bd6 11. Nd2 Ne7 12. Nc4 Rg8 13. Kh2 Ng6 14. Rg1 Kd7
15. Rad1 Rae8 16. Rg5 h4 17. Kg2 b5 18. Na5 c5 19. c3 Be7 20. Rg4 Bd6 21. d4
cxd4 22. cxd4 exd4 23. Rxd4 Kc8 24. Rd1 Be5 25. b4 Bf6 26. Kf1 1-0